New ways of studying emotions in organizations (Record no. 445506)

000 -LEADER
fixed length control field 00527cam a22001457a 4500
008 - FIXED-LENGTH DATA ELEMENTS--GENERAL INFORMATION
fixed length control field 180718b2015 xxu||||| |||| 00| 0 eng d
020 ## - INTERNATIONAL STANDARD BOOK NUMBER
International Standard Book Number 9781785602214
082 ## - DEWEY DECIMAL CLASSIFICATION NUMBER
Classification number K95 As35/11
245 ## - TITLE STATEMENT
Title New ways of studying emotions in organizations
Statement of responsibility, etc. edited by Charmine E. J. Hartel , Wilfred J. Zerbe and Neal M. Ashkanasy
260 ## - PUBLICATION, DISTRIBUTION, ETC.
Place of publication, distribution, etc. India
Name of publisher, distributor, etc. Emerald
Date of publication, distribution, etc. 2015
300 ## - PHYSICAL DESCRIPTION
Extent 457p.
650 ## - SUBJECT ADDED ENTRY--TOPICAL TERM
Topical term or geographic name entry element Psychology, Industrial
650 ## - SUBJECT ADDED ENTRY--TOPICAL TERM
Topical term or geographic name entry element Emotions -- Social aspects
700 ## - ADDED ENTRY--PERSONAL NAME
Personal name Hartel, Charmine E.J. , Zerbe, Wilfred J. and Ashkanasy, Neal M.
Holdings
Withdrawn status Lost status Damaged status Not for loan Permanent Location Current Location Date acquired Full call number Barcode Date last seen Price effective from Koha item type
        Indian Institute of Public Administration Indian Institute of Public Administration 2017-01-30 K95 As35/11 86843 2018-07-21 2018-07-21 Book

Powered by Koha